000 00683cam a2200205 i 4500
005 20160123162551.0
008 751117s1967 vp ab 000 0 spa
040 _aDLC
_cFMU
_dOCoLC
_dDLC
_dCO-BoIAVH
041 _aspa
042 _apremarc
082 0 4 _a599
_bB73m
100 1 _aBorrero H., José Ignacio
245 1 0 _aMamíferos neotropicales,
_cpor José ignacio Borrero H.
260 _a[Cali, Colombia,]
_b[Sin editor]
_c1967
300 _a108 páginas :
_bilustraciones y mapas ;
_c27 cm.
650 1 4 _aMamíferos
_xClasificación
650 2 4 _aMamíferos
_xIdentificación.
650 2 4 _aMamíferos
_xDistribución geográfica.
942 _2ddc
_cLIBRO
999 _c1620
_d1620